000 01240nam a2200313 a 4500
001 000046024
003 DO-SdBNP
005 20260302105356.0
007 ta
008 150611s2012 dr ac er 001 e spa d
020 _a9789945131581
040 _aDO-SdBNP
_bspa
_cBNPHU
082 4 _bA473m, 2012
_222
_a972.93052
100 1 _aÁlvarez, Virtudes,
_d1960-
_974097
245 1 0 _aMujeres del 16 :
_bresistencia de las dominicanas a la intervención militar EE. UU, 1916-1924 /
_cVirtudes Álvarez.
246 _aMujeres del dieciséis
250 _a2a. ed.
260 _aSanto Domingo :
_bMediabyte,
_c2012.
300 _a133 p. :
_bil., retrs. ;
_c21 cm.
500 _aIncluye referencias bibliográficas y notas al pie de las páginas.
504 _aBibliografía : p. 129-133
590 _aInventariado 2021 / MF
650 4 _aMujeres
_zRepública Dominicana
_vBiografías
_91939
651 4 _aRepública Dominicana
_xHistoria
_yOcupación norteamericana, 1916-1924
_979484
651 4 _aRepública Dominicana
_xHistoria
_yOcupación norteamericana, 1916-1924
_xMujeres
_979500
651 4 _aRepública Dominicana
_xPolítica y gobierno
_xHistoria
_y1844-1930
_954051
910 _aValidado. Control de calidad MFF
942 _2ddc
_cLBS1
999 _c45513
_d45513